[Event "SR 3. liga A2 2011/2012"]
[Site "?"]
[Date "2012.02.05"]
[Round "8.1"]
[White "Jozefek, Michal"]
[Black "Palka, Miroslav"]
[Result "1-0"]
[WhiteElo "1910"]
[BlackElo "1953"]
[PlyCount "83"]
[EventDate "2011.??.??"]

1. d4 d5 2. c4 e6 3. Nc3 Nf6 4. cxd5 exd5 5. Bg5 Be7 6. e3 O-O 7. Bd3 h6 8. Bh4
c6 9. Nge2 Ne4 10. Bxe7 Qxe7 11. Ng3 f5 12. O-O Nxg3 13. hxg3 Nd7 14. Qc2 Qg5
15. Ne2 Nf6 16. b4 Ng4 17. Nf4 Bd7 18. b5 Rac8 19. bxc6 Bxc6 20. Qb3 Rf6 21.
Nxd5 Bxd5 22. Qxd5+ Kh7 23. Be2 Nxe3 24. fxe3 Qxe3+ 25. Rf2 Rc2 26. Qf3 Qxd4
27. Rd1 Qc5 28. Bd3 Qxf2+ 29. Qxf2 Rxf2 30. Kxf2 Rf7 31. g4 g6 32. gxf5 gxf5
33. g4 Kg7 34. Bxf5 h5 35. Rd7 hxg4 36. Rxf7+ Kxf7 37. Bxg4 Ke7 38. Ke3 Kd6 39.
Kd4 Kc6 40. Bf3+ Kb6 41. Kc4 Ka6 42. Kc5 1-0

[Event "SR 3. liga A2 2011/2012"]
[Site "?"]
[Date "2012.02.05"]
[Round "8.1"]
[White "Lanik, Miroslav"]
[Black "Pericka, Tomas"]
[Result "0-1"]
[WhiteElo "1936"]
[BlackElo "2008"]
[PlyCount "64"]
[EventDate "2011.??.??"]

1. e4 c5 2. Nf3 Nc6 3. d4 cxd4 4. Nxd4 g6 5. Nc3 Bg7 6. Be3 Nf6 7. Bc4 Qa5 8.
f3 Qb4 9. Bb3 Nxe4 10. fxe4 Bxd4 11. Qd3 Bxe3 12. Qxe3 Qd4 13. Qf4 O-O 14. Rd1
Qb6 15. Nd5 Qa5+ 16. c3 d6 17. O-O Be6 18. Qg5 Bxd5 19. Rxd5 Qb6+ 20. Kh1 a5
21. Rdf5 Ne5 22. R5f2 a4 23. Bd1 Qc7 24. Rf4 f6 25. Qh6 Rf7 26. Bg4 Qc4 27. Qh3
Nxg4 28. Qxg4 Qxa2 29. R4f2 Qc4 30. Qf3 Rff8 31. Rd1 a3 32. bxa3 Rxa3 0-1

[Event "SR 3. liga A2 2011/2012"]
[Site "?"]
[Date "2012.02.05"]
[Round "8.1"]
[White "Skapikova, Lubica"]
[Black "Spacek, Marcel"]
[Result "0-1"]
[WhiteElo "1867"]
[BlackElo "1818"]
[PlyCount "72"]
[EventDate "2011.??.??"]

1. e4 c5 2. Nf3 Nc6 3. d4 cxd4 4. Nxd4 Nf6 5. Nc3 e5 6. Nb3 Bb4 7. f3 d5 8. Bd2
dxe4 9. Bb5 O-O 10. O-O Bxc3 11. Bxc3 Qb6+ 12. Rf2 Qxb5 13. a4 Qd5 14. Rd2 Qc4
15. Qe1 Nd5 16. Re2 Nxc3 17. bxc3 exf3 18. gxf3 f6 19. Re4 Qf7 20. Rd1 Bf5 21.
Re2 Rad8 22. Nc5 b6 23. Ne4 Bxe4 24. fxe4 Ne7 25. Red2 Rxd2 26. Rxd2 Ng6 27.
Rg2 Nf4 28. Rg3 Qc4 29. Re3 Qxa4 30. Qd1 Qc4 31. Kh1 Qc8 32. Rg3 Rd8 33. Qe1
Qc6 34. Re3 Qd7 35. Qg3 Qd1+ 36. Re1 Qxc2 0-1

[Event "SR 3. liga A2 2011/2012"]
[Site "?"]
[Date "2012.02.05"]
[Round "8.1"]
[White "Nemeckay, Rastislav"]
[Black "Zisek, Jaroslav"]
[Result "0-1"]
[WhiteElo "1808"]
[BlackElo "1860"]
[PlyCount "106"]
[EventDate "2011.??.??"]

1. e4 c5 2. Nf3 d6 3. d4 cxd4 4. Nxd4 Nf6 5. Nc3 a6 6. Be2 e6 7. O-O Qc7 8. Bg5
Nbd7 9. Kh1 b5 10. a3 Bb7 11. Bf3 Rc8 12. Rc1 Be7 13. Qe2 Nb6 14. Nd1 Nc4 15.
c3 Ne5 16. Bxf6 Bxf6 17. Nb3 Nxf3 18. gxf3 d5 19. Nd2 Qf4 20. Qe3 Be5 21. Qxf4
Bxf4 22. Ne3 dxe4 23. Nxe4 Bxe4 24. fxe4 Rc5 25. Rg1 g6 26. Rcd1 Ke7 27. Rge1
Rh5 28. Nf1 Rd8 29. Kg2 Rc5 30. Rxd8 Kxd8 31. Rd1+ Ke7 32. Kf3 g5 33. h3 Rc6
34. Ne3 Rd6 35. Ke2 Rxd1 36. Nxd1 Kd6 37. Kd3 h5 38. f3 f5 39. Nf2 Bc1 40. Kc2
Be3 41. Nd3 fxe4 42. fxe4 g4 43. hxg4 hxg4 44. Ne1 g3 45. Ng2 Bg5 46. b3 Ke5
47. Kd3 Bc1 48. a4 bxa4 49. bxa4 Bg5 50. c4 Be7 51. Ke3 Bc5+ 52. Kd3 Bb6 53.
Nh4 Kf4 0-1

[Event "SR 3. liga A2 2011/2012"]
[Site "?"]
[Date "2012.02.05"]
[Round "8.1"]
[White "Kubik, Peter"]
[Black "Ocko, Martin"]
[Result "0-1"]
[WhiteElo "1735"]
[BlackElo "1524"]
[PlyCount "50"]
[EventDate "2011.??.??"]

1. e4 c5 2. d4 cxd4 3. c3 dxc3 4. Nxc3 Nc6 5. Nf3 e6 6. Bc4 a6 7. O-O b5 8. Bb3
Bb7 9. Qe2 Bc5 10. Rd1 Nge7 11. Bg5 O-O 12. e5 h6 13. Bh4 Qc7 14. Rac1 Bb4 15.
Ne4 Nf5 16. Bg3 Rac8 17. a4 Ncd4 18. Nxd4 Nxd4 19. Qe3 Qxc1 20. Qxd4 Bc5 21.
Qxd7 Qxb2 22. Nxc5 Rxc5 23. Bxe6 fxe6 24. Qxb7 Rc1 25. Qd7 Qb1 0-1

[Event "SR 3. liga A2 2011/2012"]
[Site "?"]
[Date "2012.02.05"]
[Round "8.2"]
[White "Bukovsky, Milan"]
[Black "Strakac, Petr"]
[Result "0-1"]
[WhiteElo "1984"]
[BlackElo "2100"]
[PlyCount "56"]
[EventDate "2011.??.??"]

1. c4 e5 2. Nc3 Nf6 3. Nf3 Nc6 4. e4 Bc5 5. Nxe5 Nxe5 6. d4 Bb4 7. dxe5 Nxe4 8.
Qd4 Nxc3 9. bxc3 Be7 10. Qg4 g6 11. Qg3 d6 12. Ba3 O-O 13. Rd1 Bh4 14. Qe3 Re8
15. Rd5 c6 16. Rxd6 Qa5 17. Bb4 Qxe5 18. g3 c5 19. gxh4 cxb4 20. Qxe5 Rxe5+ 21.
Kd2 bxc3+ 22. Kxc3 Be6 23. Bd3 Rc8 24. Kd4 Rh5 25. f4 Rxh4 26. Ke5 Kg7 27. Rd4
Re8 28. Kd6 Rd8+ 0-1

[Event "SR 3. liga A2 2011/2012"]
[Site "?"]
[Date "2012.02.05"]
[Round "8.2"]
[White "Hudacek, Josef"]
[Black "Svoboda, Adam"]
[Result "1/2-1/2"]
[WhiteElo "2046"]
[BlackElo "1967"]
[PlyCount "133"]
[EventDate "2011.??.??"]

1. e4 c5 2. Nc3 Nc6 3. g3 g6 4. Bg2 Bg7 5. Nge2 d6 6. O-O e6 7. f4 Nge7 8. h3
O-O 9. d3 Rb8 10. a4 a6 11. g4 f5 12. Ng3 Nd4 13. Nce2 Bd7 14. c3 Nxe2+ 15.
Qxe2 Bc6 16. exf5 exf5 17. Bxc6 bxc6 18. Kg2 Qd7 19. Rf2 Kh8 20. g5 Rfe8 21. h4
Nd5 22. Qf3 Re6 23. h5 Kg8 24. hxg6 hxg6 25. Re2 Rbe8 26. Rxe6 Qxe6 27. Bd2 Rb8
28. Re1 Qd7 29. Bc1 Nb6 30. Qd1 Qf7 31. Re2 Qd5+ 32. Kf2 Qf7 33. Qh1 Qd7 34.
Qe1 Kf7 35. Qd1 Nd5 36. Qe1 Rh8 37. Kg2 Rb8 38. Kf3 Nb6 39. Qd1 Nd5 40. Qe1 Rb7
41. Nf1 Rb8 42. Nd2 Rh8 43. Kg3 Nb6 44. a5 Nd5 45. Nc4 Rb8 46. Kf3 Bf8 47. Be3
Re8 48. Bf2 Rxe2 49. Qxe2 Qe6 50. Qd1 Nc7 51. Kg3 Nb5 52. Qf3 Qd5 53. Nb6 Qxf3+
54. Kxf3 Ke6 55. Nc4 Bg7 56. Be1 Kd7 57. Bd2 Nc7 58. Ne3 d5 59. Ng2 Ke6 60. Nh4
Kf7 61. Ng2 Ne6 62. Ne3 Bf8 63. Nc2 Bd6 64. Be3 Ke7 65. b4 cxb4 66. cxb4 Kd7
67. d4 1/2-1/2

[Event "SR 3. liga A2 2011/2012"]
[Site "?"]
[Date "2012.02.05"]
[Round "8.2"]
[White "Sturdik, Igor"]
[Black "Vepy, Ivan"]
[Result "0-1"]
[WhiteElo "2067"]
[BlackElo "1948"]
[PlyCount "48"]
[EventDate "2011.??.??"]

1. e4 e5 2. Nf3 d6 3. d4 exd4 4. Nxd4 Nf6 5. Nc3 Be7 6. Bc4 O-O 7. O-O a6 8. a4
c5 9. Nf3 Bg4 10. h3 Bh5 11. Bf4 Nc6 12. Re1 Qd7 13. Nd5 Nxd5 14. exd5 Nd4 15.
Be2 Nxe2+ 16. Qxe2 Bf6 17. g4 Rfe8 18. Qd2 Bxg4 19. hxg4 Qxg4+ 20. Kh2 Qxf3 21.
Bxd6 Bxb2 22. Rxe8+ Rxe8 23. Re1 Qh5+ 24. Kg2 Rxe1 0-1

[Event "SR 3. liga A2 2011/2012"]
[Site "?"]
[Date "2012.02.05"]
[Round "8.2"]
[White "Londin, Martin"]
[Black "Bahna, Jan"]
[Result "1/2-1/2"]
[WhiteElo "1961"]
[BlackElo "1977"]
[PlyCount "96"]
[EventDate "2011.??.??"]

1. e4 e5 2. Nf3 Nc6 3. Bb5 a6 4. Ba4 Nf6 5. O-O b5 6. Bb3 d6 7. c3 Na5 8. Bc2
c5 9. d4 Qc7 10. h3 Be7 11. b3 O-O 12. Bb2 Rd8 13. Qe2 Bf8 14. dxe5 dxe5 15.
Nbd2 c4 16. b4 Nc6 17. a3 Nh5 18. Rfd1 Nf4 19. Qe3 Nd3 20. Bc1 f5 21. Ne1 f4
22. Qe2 Nxe1 23. Rxe1 Rd6 24. Kh2 Rh6 25. Nf3 Bg4 26. Bd1 Rd8 27. Qf1 Rdd6 28.
Be2 Bxf3 29. Bxf3 Rd3 30. Bb2 Qd7 31. Red1 Rd2 32. Rxd2 Qxd2 33. Qe2 Rd6 34.
Rd1 Qxd1 35. Qxd1 Rxd1 36. Bxd1 Kf7 37. Bc1 Ke6 38. Bg4+ Kd6 39. g3 g5 40. h4
h6 41. hxg5 hxg5 42. Kg2 a5 43. Kf1 axb4 44. axb4 Ne7 45. Ke2 Ng8 46. Kf3 Bg7
47. Bd2 Nf6 48. Bf5 Bf8 1/2-1/2

[Event "SR 3. liga A2 2011/2012"]
[Site "?"]
[Date "2012.02.05"]
[Round "8.2"]
[White "Halas, Miroslav"]
[Black "Kubis, Ivan"]
[Result "0-1"]
[WhiteElo "1946"]
[BlackElo "2002"]
[PlyCount "178"]
[EventDate "2011.??.??"]

1. e4 e5 2. Nf3 Nc6 3. Bc4 Nf6 4. Ng5 d5 5. exd5 Na5 6. Bb5+ c6 7. dxc6 bxc6 8.
Bd3 Nd5 9. Ne4 f5 10. Nec3 Nf4 11. Bf1 Bc5 12. a3 Bb6 13. b4 Nb7 14. g3 Ng6 15.
Bc4 Bxf2+ 16. Kxf2 Qd4+ 17. Kg2 Qxc4 18. d3 Qe6 19. Re1 O-O 20. Qh5 Bd7 21. Nd2
c5 22. Nf3 cxb4 23. axb4 Qc6 24. Bd2 a6 25. Kg1 Rac8 26. Ng5 h6 27. Nf3 f4 28.
Ne4 fxg3 29. hxg3 Rf5 30. Qh1 Rcf8 31. Re3 Nd6 32. Nxd6 Qxd6 33. c4 e4 34. dxe4
Qxg3+ 35. Qg2 Qxg2+ 36. Kxg2 Rxf3 37. Rxf3 Nh4+ 38. Kg3 Nxf3 39. Bf4 Nd4 40.
Ra2 Bc8 41. Rd2 Rd8 42. Be3 Ne6 43. Rb2 Bb7 44. b5 axb5 45. Rxb5 Rd7 46. Rb6
Kf7 47. e5 Be4 48. Ra6 Rc7 49. Ra7 Rxa7 50. Bxa7 Kg6 51. Kg4 Bd3 52. c5 Be2+
53. Kg3 Kf5 54. c6 Kxe5 55. Bb8+ Kd5 56. c7 Ba6 57. Kg4 g6 58. Kh4 Bc8 59. Ba7
Ke4 60. Bb6 Nf4 61. Kg3 g5 62. Bc5 h5 63. Be7 h4+ 64. Kf2 Kf5 65. Bd8 Kg4 66.
Kg1 Ne6 67. Kh2 Nd4 68. Bf6 Nf3+ 69. Kg2 Bb7 70. Be7 h3+ 71. Kh1 Nd4+ 72. Kh2
Ne6 73. Bd6 Nf4 74. Be7 Ng6 75. Bd6 Nh4 76. Be7 Nf3+ 77. Kh1 Kf5 78. Bd6 Ne5+
79. Kh2 g4 80. Kg3 Ke4 81. Bc5 Kd5 82. Be3 Nf3 83. Bf4 Ke4 84. Bd6 Bc8 85. Kf2
Kd3 86. Bf4 Bd7 87. Bd6 Ng5 88. Kg3 Ne4+ 89. Kh2 Nxd6 0-1

[Event "SR 3. liga A2 2011/2012"]
[Site "?"]
[Date "2012.02.05"]
[Round "8.2"]
[White "Hrubsa, Marian"]
[Black "Mosny, Jaroslav"]
[Result "0-1"]
[WhiteElo "1929"]
[BlackElo "1941"]
[PlyCount "126"]
[EventDate "2011.??.??"]

1. e4 e5 2. Nf3 d6 3. d4 exd4 4. Qxd4 Nc6 5. Bb5 Nge7 6. Bg5 a6 7. Bxc6+ Nxc6
8. Qd2 Be7 9. Nc3 Bxg5 10. Nxg5 O-O 11. O-O-O h6 12. Nf3 Be6 13. Nd4 Qf6 14. h3
Rfe8 15. g3 Nxd4 16. Qxd4 Qxd4 17. Rxd4 f6 18. g4 g5 19. f3 Kg7 20. Nd1 h5 21.
Ne3 Rh8 22. Rdd1 Rh7 23. Nf5+ Kf7 24. Ng3 hxg4 25. hxg4 Rah8 26. Kd2 Rh2+ 27.
Ke3 R8h3 28. Rxh2 Rxh2 29. Rd2 Rh3 30. Ne2 Bxg4 31. Ng1 Rh1 32. Ne2 Be6 33. b3
Rh2 34. Ng1 Rxd2 35. Kxd2 d5 36. Ke3 dxe4 37. Kxe4 Bd7 38. Ne2 Bc6+ 39. Ke3 Kg6
40. Nd4 Bd7 41. c3 c5 42. Ne2 Kf5 43. Ng3+ Ke5 44. Ne4 b6 45. Nd2 Be6 46. a3 f5
47. b4 f4+ 48. Kf2 Bd5 49. Ke2 Kf5 50. Kf2 Ke5 51. Ke2 cxb4 52. cxb4 Kd4 53.
Kf2 Kd3 54. Nf1 Bc6 55. Nh2 Bd7 56. Nf1 b5 57. Kg2 Be6 58. Kf2 Bh3 59. Nh2 Kd2
60. Nf1+ Bxf1 61. Kxf1 Ke3 62. Kg2 Ke2 63. Kh3 Kxf3 0-1

[Event "SR 3. liga A2 2011/2012"]
[Site "?"]
[Date "2012.02.05"]
[Round "8.2"]
[White "Jurik, Michal"]
[Black "Planka, Peter"]
[Result "1-0"]
[WhiteElo "1940"]
[BlackElo "1831"]
[PlyCount "71"]
[EventDate "2011.??.??"]

1. e4 e5 2. Nf3 Nc6 3. d4 exd4 4. Nxd4 Qh4 5. Nc3 Bb4 6. Qd3 Nf6 7. Nf5 Qxe4+
8. Qxe4+ Nxe4 9. Nxg7+ Kf8 10. Bh6 Kg8 11. Nh5 Bf8 12. Bxf8 Kxf8 13. Nxe4 d5
14. Nef6 Bf5 15. O-O-O Nb4 16. Bd3 Bg6 17. Nd7+ Kg8 18. Nhf6+ Kg7 19. Bxg6 hxg6
20. Nxd5 Nxd5 21. Rxd5 Rad8 22. h3 Rhe8 23. Rhd1 Re2 24. R5d2 Rde8 25. Rxe2
Rxe2 26. Rf1 b6 27. b4 Re4 28. a3 Re7 29. Rd1 Re2 30. Rd2 Re7 31. Kb2 f6 32. c4
Kf7 33. c5 bxc5 34. Nxc5 Ke8 35. Kb3 Re5 36. Ka4 1-0

[Event "SR 3. liga A2 2011/2012"]
[Site "?"]
[Date "2012.02.05"]
[Round "8.2"]
[White "Berger, Patrik"]
[Black "Klanica, Anton"]
[Result "1-0"]
[WhiteElo "1731"]
[BlackElo "1828"]
[PlyCount "85"]
[EventDate "2011.??.??"]

1. e4 e6 2. d4 d5 3. Nd2 Nf6 4. e5 Nfd7 5. Bd3 c5 6. c3 Qb6 7. Ne2 Nc6 8. Nf3
cxd4 9. cxd4 Bb4+ 10. Bd2 Bxd2+ 11. Qxd2 Qb4 12. O-O Qxd2 13. Nxd2 Nb4 14. Bb1
Nb8 15. a3 N4c6 16. Bd3 Kd7 17. Rac1 b6 18. b4 Bb7 19. f4 g6 20. Rc2 Rc8 21.
Rfc1 Kd8 22. Nf3 h6 23. Bb5 Ne7 24. Rxc8+ Bxc8 25. Bd3 Bd7 26. Nc3 a6 27. Kf2
Ra7 28. Ke2 Rc7 29. Kd2 Nc8 30. g4 Ne7 31. h4 b5 32. Rh1 Ng8 33. h5 gxh5 34.
Rxh5 Be8 35. Rh1 f5 36. gxf5 Rg7 37. Rg1 Rxg1 38. Nxg1 Bf7 39. fxe6 Bxe6 40. f5
Bf7 41. e6 Be8 42. Nxd5 Bc6 43. f6 1-0

[Event "SR 3. liga A2 2011/2012"]
[Site "?"]
[Date "2012.02.05"]
[Round "8.4"]
[White "Kovacocy, Pavel"]
[Black "Malar, Pavol"]
[Result "1/2-1/2"]
[WhiteElo "2231"]
[BlackElo "2102"]
[PlyCount "167"]
[EventDate "2011.??.??"]

1. e4 e6 2. d3 d5 3. Nd2 c5 4. Ngf3 Nc6 5. g3 Nf6 6. Bg2 Be7 7. O-O O-O 8. Re1
b5 9. e5 Nd7 10. h4 Qc7 11. Qe2 c4 12. d4 a5 13. Nf1 b4 14. c3 a4 15. a3 bxa3
16. bxa3 Qa5 17. Qc2 Rb8 18. Bg5 Re8 19. Bxe7 Rxe7 20. Ne3 Nf8 21. Reb1 Reb7
22. Rxb7 Rxb7 23. Nd2 Qa6 24. Rb1 Rb5 25. f4 Ne7 26. Bf3 Qb6 27. Kf2 Bd7 28. h5
Rxb1 29. Qxb1 Qxb1 30. Nxb1 h6 31. Nd1 Bb5 32. Nb2 Nd7 33. Bd1 Nb6 34. Bc2 Kf8
35. Nd2 Nc6 36. Ke3 Na5 37. Nf3 Be8 38. g4 Ke7 39. g5 Nb3 40. Nh2 Kf8 41. gxh6
gxh6 42. Ng4 Kg7 43. Nf6 Bc6 44. Bd1 Kf8 45. Bf3 Bb5 46. f5 Nd7 47. Ng4 exf5
48. Nxh6 f4+ 49. Kxf4 Nxd4 50. Bxd5 Nb6 51. Be4 Ne2+ 52. Ke3 Nxc3 53. Bc2 Bd7
54. Kd4 Nb5+ 55. Kc5 c3 56. Nxa4 Nxa4+ 57. Kb4 Nd4 58. Bxa4 c2 59. Bxc2 Nxc2+
60. Kc5 Nxa3 61. Kd6 Be6 62. Nxf7 Kxf7 63. h6 Nc4+ 64. Kc5 Nxe5 65. Kd4 Ng4 66.
h7 Kg7 67. Ke4 Kxh7 68. Kf4 Kg6 69. Kf3 Kf5 70. Ke2 Ke4 71. Kd2 Kd4 72. Kc2 Kc4
73. Kb2 Kb4 74. Kc2 Bf5+ 75. Kb2 Ne3 76. Ka2 Nc4 77. Ka1 Be6 78. Ka2 Kc3 79.
Kb1 Nd2+ 80. Ka1 Nf3 81. Kb1 Nd4 82. Ka1 Kd2 83. Kb1 Bd5 84. Ka1 1/2-1/2

[Event "SR 3. liga A2 2011/2012"]
[Site "?"]
[Date "2012.02.05"]
[Round "8.4"]
[White "Gajarsky, Roman"]
[Black "Liptak, Tomas"]
[Result "1-0"]
[WhiteElo "1915"]
[BlackElo "2103"]
[PlyCount "89"]
[EventDate "2011.??.??"]

1. e4 d6 2. f4 c5 3. Nf3 e6 4. d3 Nf6 5. Be2 Be7 6. Nbd2 Nbd7 7. c3 a6 8. a4 b6
9. b4 cxb4 10. cxb4 Bb7 11. Qb3 O-O 12. O-O b5 13. a5 Nb8 14. Nd4 Qd7 15. N2f3
Rc8 16. Bd2 Nc6 17. Nxc6 Bxc6 18. Rac1 Qa7+ 19. Kh1 Bd7 20. h3 Rxc1 21. Bxc1
Rc8 22. Bd2 h6 23. g4 Nh7 24. g5 hxg5 25. fxg5 Nf8 26. h4 Qc7 27. Rc1 Qb7 28.
Rxc8 Qxc8 29. Qc3 Qxc3 30. Bxc3 Ng6 31. Bd2 Bc6 32. h5 Nf8 33. Kg2 e5 34. Bd1
Bd7 35. Kg3 Be6 36. d4 f6 37. d5 Bc8 38. g6 Bd7 39. Nh4 Bc8 40. Bg4 Bxg4 41.
Kxg4 Bd8 42. Nf5 Bc7 43. Be3 Nd7 44. Ne7+ Kf8 45. Nc6 1-0

[Event "SR 3. liga A2 2011/2012"]
[Site "?"]
[Date "2012.02.05"]
[Round "8.4"]
[White "Liptak, Dusan"]
[Black "Racik, Marek"]
[Result "1-0"]
[WhiteElo "2075"]
[BlackElo "1900"]
[PlyCount "95"]
[EventDate "2011.??.??"]

1. c4 e5 2. g3 Nf6 3. Bg2 Nc6 4. Nc3 Bc5 5. e3 O-O 6. Nge2 d6 7. Na4 Nb4 8. d4
exd4 9. exd4 Bf5 10. O-O Nc2 11. dxc5 Nxa1 12. Nd4 Bg6 13. Be3 dxc5 14. Nxc5
Nc2 15. Nxc2 Qxd1 16. Rxd1 Bxc2 17. Rc1 Bf5 18. Bxb7 Rad8 19. Bg2 Rfe8 20. Bc6
Re5 21. Nb7 Rd6 22. Bg2 Ng4 23. Bf1 Rd7 24. Bf4 Be4 25. Bh3 Bxb7 26. Bxe5 Nxe5
27. Bxd7 Nxd7 28. Rd1 Bc6 29. b4 a6 30. a4 Bxa4 31. Ra1 Bb3 32. Rxa6 Kf8 33.
Rc6 Ne5 34. Rxc7 Bxc4 35. f4 Nf3+ 36. Kf2 Nd2 37. Ke3 Nf1+ 38. Kd4 Be2 39. Rc2
Ba6 40. Ra2 Bb7 41. b5 Ke8 42. Rc2 Nxg3 43. hxg3 Kd7 44. Rh2 h6 45. Kc5 f5 46.
Kb6 Be4 47. Rd2+ Ke7 48. Kc7 1-0

[Event "SR 3. liga A2 2011/2012"]
[Site "?"]
[Date "2012.02.05"]
[Round "8.4"]
[White "Niznansky, Lukas"]
[Black "Cechovic, Stefan"]
[Result "0-1"]
[WhiteElo "1740"]
[BlackElo "2159"]
[PlyCount "76"]
[EventDate "2011.??.??"]

1. e4 c5 2. Nf3 a6 3. d4 cxd4 4. Nxd4 Nf6 5. Nc3 e5 6. Nf3 Nc6 7. Bg5 h6 8. Bh4
g5 9. Bg3 Qa5 10. Bd3 Bb4 11. Qd2 d5 12. exd5 Nxd5 13. O-O Nxc3 14. bxc3 Bxc3
15. Qe2 Bxa1 16. Rxa1 f6 17. Qe4 f5 18. Qc4 Bd7 19. h3 f4 20. Bh2 O-O-O 21. Rb1
Rhe8 22. Qb3 Qc7 23. Nd2 Nd4 24. Qb2 Ba4 25. Ne4 Kb8 26. c4 Bc6 27. Nc5 Ka7 28.
Kh1 e4 29. Bc2 Nxc2 30. Qxc2 Qd6 31. Nb3 e3 32. fxe3 Be4 33. Qf2 Bxb1 34. exf4+
b6 35. fxg5 Qf8 36. Qg3 Rd1+ 37. Bg1 Qd6 38. Qf2 Ree1 0-1

[Event "SR 3. liga A2 2011/2012"]
[Site "?"]
[Date "2012.02.05"]
[Round "8.4"]
[White "Sarmir, Milos"]
[Black "Barca, Michal"]
[Result "1-0"]
[WhiteElo "2048"]
[BlackElo "1835"]
[PlyCount "73"]
[EventDate "2011.??.??"]

1. e4 d5 2. exd5 Qxd5 3. Nc3 Qd6 4. d4 Nf6 5. Nf3 c6 6. Be2 g6 7. O-O Bg7 8.
Bg5 O-O 9. Qd2 Rd8 10. Bf4 Qd7 11. Rad1 b5 12. Ne5 Qe8 13. Bf3 a6 14. Rfe1 Bb7
15. Qe3 e6 16. Bh6 Bh8 17. Qf4 Nd5 18. Nxd5 cxd5 19. Ng4 Nd7 20. Bg5 Rdc8 21.
Nh6+ Kf8 22. Bg4 Rc6 23. Re3 Bg7 24. Rde1 Bxh6 25. Bxh6+ Kg8 26. c3 a5 27. h4
Qb8 28. Qf3 Qd8 29. h5 Qf6 30. Qg3 g5 31. Bxg5 Qxg5 32. Bxe6 Qxg3 33. Rxg3+ Kf8
34. Bxd7 Rh6 35. Bxb5 Rxh5 36. Rge3 Rg5 37. Re8+ 1-0

[Event "SR 3. liga A2 2011/2012"]
[Site "?"]
[Date "2012.02.05"]
[Round "8.4"]
[White "Filip, Frantisek"]
[Black "Vagovsky, Jozef"]
[Result "0-1"]
[WhiteElo "1836"]
[BlackElo "1991"]
[PlyCount "50"]
[EventDate "2011.??.??"]

1. e4 c6 2. d4 d5 3. Nc3 dxe4 4. Nxe4 Nf6 5. Nxf6+ gxf6 6. Nf3 Bg4 7. c3 Nd7 8.
Be3 e6 9. Be2 Qc7 10. Nh4 Bxe2 11. Qxe2 O-O-O 12. Nf3 Be7 13. Nd2 h5 14. b4 e5
15. Ne4 Nb6 16. b5 Kb8 17. bxc6 Qxc6 18. O-O Qxe4 19. Rab1 Nd5 20. Rb3 Rhg8 21.
Rxb7+ Kxb7 22. Qb5+ Nb6 23. g3 h4 24. Qe2 exd4 25. cxd4 Rxd4 0-1

[Event "SR 3. liga A2 2011/2012"]
[Site "?"]
[Date "2012.02.05"]
[Round "8.4"]
[White "Vlkovic, Pavol"]
[Black "Tupy, Bystrik"]
[Result "1-0"]
[WhiteElo "1838"]
[BlackElo "1514"]
[PlyCount "83"]
[EventDate "2011.??.??"]

1. e4 e5 2. Nf3 Nc6 3. Bc4 Bc5 4. O-O Nf6 5. d4 Bxd4 6. Nxd4 Nxd4 7. f4 Nc6 8.
Bxf7+ Kf8 9. Bd5 Qe7 10. Nc3 d6 11. f5 Bd7 12. Bg5 a6 13. a3 Be8 14. Qd3 Bf7
15. b4 Bxd5 16. Nxd5 Qf7 17. c4 h6 18. Bh4 Nxd5 19. cxd5 Nd4 20. Bf2 Qf6 21.
Rfd1 Nb5 22. a4 Na7 23. Rdc1 Qe7 24. Qc3 c6 25. Bxa7 Rxa7 26. dxc6 bxc6 27.
Qxc6 Kf7 28. Qd5+ Kf6 29. Rc6 Rd8 30. Rd1 Rad7 31. Rxa6 g6 32. Ra8 Rxa8 33.
Qxa8 gxf5 34. Qh8+ Qg7 35. Qxg7+ Rxg7 36. Rxd6+ Kg5 37. exf5 h5 38. Rg6+ Rxg6
39. fxg6 Kxg6 40. h4 e4 41. Kf2 Kf5 42. Ke3 1-0

[Event "SR 3. liga A2 2011/2012"]
[Site "?"]
[Date "2012.02.05"]
[Round "8.4"]
[White "Janas, Peter"]
[Black "Hornak, Pavol"]
[Result "1-0"]
[WhiteElo "1000"]
[BlackElo "1778"]
[PlyCount "115"]
[EventDate "2011.??.??"]

1. d4 Nf6 2. Nf3 g6 3. g3 d5 4. Bg2 Bg7 5. Nbd2 O-O 6. O-O c6 7. c3 Nbd7 8. Qc2
Nb6 9. Nh4 Be6 10. Re1 Qd7 11. e4 dxe4 12. Nxe4 Nxe4 13. Qxe4 Rfe8 14. Bg5 h6
15. Bc1 Bd5 16. Qc2 Bxg2 17. Nxg2 Nd5 18. Qe2 e5 19. dxe5 Rxe5 20. Qd1 Rxe1+
21. Nxe1 Qe7 22. Ng2 Rd8 23. Qf3 Qf6 24. Qxf6 Nxf6 25. Be3 a6 26. Bd4 Nd5 27.
Rd1 Bxd4 28. Rxd4 Re8 29. Rd2 Kf8 30. Kf1 Re7 31. Ne1 Ke8 32. Nc2 Nf6 33. f3
Rd7 34. Ke2 Kd8 35. Nd4 Kc7 36. Nb3 b6 37. Nc1 Nd5 38. Nd3 Re7+ 39. Kf2 c5 40.
Nxc5 bxc5 41. Rxd5 Kc6 42. Rd2 a5 43. Rd8 h5 44. h4 a4 45. Ra8 Kb5 46. Rb8+ Kc4
47. Rb6 a3 48. b4 cxb4 49. Rxb4+ Kd3 50. c4 Re2+ 51. Kf1 Rxa2 52. c5 Ra1+ 53.
Kf2 Kc3 54. Rb8 Rc1 55. c6 Rc2+ 56. Ke3 a2 57. c7 Re2+ 58. Kxe2 1-0

[Event "SR 3. liga A2 2011/2012"]
[Site "?"]
[Date "2012.02.05"]
[Round "8.5"]
[White "Horak, Ivan"]
[Black "Meszaros, Lorant"]
[Result "1-0"]
[WhiteElo "2073"]
[BlackElo "2053"]
[PlyCount "107"]
[EventDate "2011.??.??"]

1. e4 e5 2. Nf3 Nc6 3. Bb5 a6 4. Ba4 Nf6 5. d4 exd4 6. O-O d6 7. e5 dxe5 8.
Nxe5 Bd7 9. Nxc6 Bxc6 10. Bxc6+ bxc6 11. Re1+ Be7 12. Qe2 Qd7 13. Bd2 Kf8 14.
Na3 h5 15. Nc4 c5 16. Ne5 Qd6 17. Bf4 Nd5 18. Qf3 c6 19. Bg5 Bf6 20. Nc4 Qc7
21. Bxf6 Nxf6 22. h3 Rh6 23. Re5 Re8 24. Rxc5 Nd5 25. Qxd5 cxd5 26. Rxc7 dxc4
27. Rxc4 Rd6 28. Rd1 Rb8 29. b3 Rbd8 30. Rd3 g6 31. g3 Ke7 32. b4 Ke6 33. c3
Ke5 34. cxd4+ Rxd4 35. Re3+ Kd5 36. Rc5+ Kd6 37. a3 f5 38. Rec3 Re8 39. Rc6+
Kd5 40. Rxg6 Rd1+ 41. Kg2 Kd4 42. Rd6+ Kxc3 43. Rxd1 Re5 44. Rd6 a5 45. bxa5
Rxa5 46. Kf3 Rxa3 47. Kf4 Ra5 48. h4 Kc4 49. f3 Kc5 50. Rf6 Kd4 51. Rxf5 Ra8
52. Rxh5 Rf8+ 53. Rf5 Rg8 54. h5 1-0

[Event "SR 3. liga A2 2011/2012"]
[Site "?"]
[Date "2012.02.05"]
[Round "8.5"]
[White "Szitasi, Janos"]
[Black "Kovarik, Oto"]
[Result "0-1"]
[WhiteElo "1996"]
[BlackElo "2018"]
[PlyCount "53"]
[EventDate "2011.??.??"]

1. e4 c5 2. Nf3 e6 3. d4 cxd4 4. Nxd4 a6 5. Be2 Qc7 6. O-O Nf6 7. Bf3 Nc6 8.
Nxc6 bxc6 9. c4 Be7 10. Qc2 Bb7 11. Rd1 c5 12. Nc3 O-O 13. b3 Bd6 14. h3 Be5
15. Bb2 Bd4 16. Na4 e5 17. Nc3 Rac8 18. Re1 g6 19. Rad1 d6 20. Bc1 Kg7 21. Ne2
Ng8 22. Qd3 Rce8 23. g4 Qc6 24. Nc3 Qd7 25. Be3 h5 26. Nd5 Ne7 27. Bxd4 0-1

[Event "SR 3. liga A2 2011/2012"]
[Site "?"]
[Date "2012.02.05"]
[Round "8.5"]
[White "Bilovsky, Milan"]
[Black "Kalmar, Tamas"]
[Result "1/2-1/2"]
[WhiteElo "1891"]
[BlackElo "1842"]
[PlyCount "106"]
[EventDate "2011.??.??"]

1. c4 Nf6 2. d4 g6 3. Nc3 Bg7 4. e4 d6 5. Be2 O-O 6. Be3 Nbd7 7. Rc1 e5 8. d5
a5 9. Nf3 Ng4 10. Bg5 f6 11. Bh4 Nc5 12. O-O Bd7 13. h3 Nh6 14. Qd2 Nf7 15. Rb1
Qe8 16. g4 f5 17. exf5 gxf5 18. Nh2 f4 19. f3 Nh8 20. Bf2 b6 21. a3 a4 22. Qc2
Qg6 23. Qxg6 hxg6 24. Ne4 Nxe4 25. fxe4 g5 26. Nf3 Bf6 27. Kg2 Ng6 28. Rh1 Kg7
29. b4 axb3 30. Rxb3 Ra7 31. Ra1 Rfa8 32. Rc3 Ra4 33. Bd1 R4a7 34. Be2 Ba4 35.
Rb1 Be8 36. Ra1 Nh8 37. Bd3 Nf7 38. Ng1 Nd8 39. Nf3 Nb7 40. Ne1 Ba4 41. Bf1 Kf7
42. Nd3 Ke7 43. Kf3 Rb8 44. Rb1 Rba8 45. Ra1 Na5 46. Nc1 Rh8 47. Nd3 Raa8 48.
Rb1 Rag8 49. Ne1 Rh7 50. Nd3 Rgh8 51. Ke2 Bd7 52. Nc1 Bc8 53. Nb3 Nxb3 1/2-1/2

[Event "SR 3. liga A2 2011/2012"]
[Site "?"]
[Date "2012.02.05"]
[Round "8.5"]
[White "Szekely, Stefan"]
[Black "Vach, Jozef"]
[Result "1/2-1/2"]
[WhiteElo "1931"]
[BlackElo "1861"]
[PlyCount "22"]
[EventDate "2011.??.??"]

1. c4 e5 2. Nc3 Nf6 3. d3 d6 4. Nf3 Nc6 5. g3 g6 6. Bg2 Bg7 7. O-O O-O 8. Rb1
Bd7 9. h3 Qc8 10. Kh2 h6 11. b4 Re8 1/2-1/2